|
|
|
|
| LEADER |
00940nam a2200241 a 4500 |
| 001 |
2449789 |
| 008 |
091101s1988 bg b 001 0 eng d |
| 010 |
|
|
|a 88903711
|
| 040 |
|
|
|a DLC
|c DLC
|d DLC
|
| 082 |
0 |
0 |
|a 322/.5/095492
|2 20
|
| 100 |
1 |
|
|a Ahmed, Emajuddin.
|
| 245 |
1 |
0 |
|a Military rule and the myth of democracy /
|c Emajuddin Ahamed.
|
| 260 |
|
|
|a Dhaka :
|b University Press,
|c 1988.
|
| 300 |
|
|
|a 148 p. ;
|c 22 cm.
|
| 520 |
|
|
|a With reference to Bangladesh.
|
| 504 |
|
|
|a Includes bibliographies and index.
|
| 541 |
1 |
|
|e 00008338
|
| 651 |
|
0 |
|a Bangladesh
|x Politics and government
|y 1971-
|
| 651 |
|
0 |
|a Bangladesh
|x Armed Forces
|x Political activity.
|
| 650 |
|
0 |
|a Coups d'état
|z Bangladesh.
|
| 852 |
4 |
|
|a Ayesha Abed Library
|j General Shelf.
|
| 999 |
|
|
|c 4991
|d 4991
|
| 952 |
|
|
|0 0
|1 0
|2 ddc
|4 0
|6 322_509549200000000_AHM_1988
|7 0
|9 4816
|a BRACUL
|b BRACUL
|c GEN
|d 2002-05-15
|g 175.00
|l 1
|m 8
|o 322.5095492 AHM
|p 3010008338
|r 2012-12-19
|s 2012-10-22
|t 1
|w 2009-11-02
|y BK
|